000 00844nam a2200229 a 4500
001 000046914
005 20201002053215.0
008 180406s2015 dr a 000 0 spa d
020 _a9789945175141
040 _aDO-SdBNP
_bspa
_cBNPHU
082 _axxxx
_bxxxx
245 0 0 _aLengua española 4 :
_blibro de texto, primaria 4 /
_cedición Lynnette Defilló Arzeno ; ilustraciones Osvaldo Torres Ruiz.
260 _aSanto Domingo :
_bSM,
_c2015.
300 _a207 p. :
_bil. ;
_c28 cm. +
_eCD-ROM
490 1 _aProyecto conecta
500 _aLa biblioteca posee el libro y el cuaderno de estrategias
505 0 _gv.1.
_tLibro texto --
_gv.2.
_tCuadernos de estrategia.
590 _aInventariado, 2018/BT
700 1 2 _aDefilló Arzeno, Linnete,
_eed.
_974844
700 1 2 _aTorres Ruiz, Osvaldo,
_eil.
_974843
830 0 _aProyecto conecta
_974828
999 _c46402
_d46402